The radicalism of the American Revolution / (Record no. 164)

000 -LEADER
fixed length control field 01624cam a2200385 a 4500
001 - CONTROL NUMBER
control field 2980171
003 - CONTROL NUMBER IDENTIFIER
control field OSt
005 - DATE AND TIME OF LATEST TRANSACTION
control field 20210417103303.0
008 - FIXED-LENGTH DATA ELEMENTS--GENERAL INFORMATION
fixed length control field 920625r19931992nyu b 001 0 eng
010 ## - LIBRARY OF CONGRESS CONTROL NUMBER
LC control number 92056347
020 ## - INTERNATIONAL STANDARD BOOK NUMBER
International Standard Book Number 0679736883 (pbk.)
040 ## - CATALOGING SOURCE
Original cataloging agency DLC
Transcribing agency DLC
Modifying agency DLC
043 ## - GEOGRAPHIC AREA CODE
Geographic area code n-us---
050 10 - LIBRARY OF CONGRESS CALL NUMBER
Classification number E209
Item number .W65 1993
080 ## - UNIVERSAL DECIMAL CLASSIFICATION NUMBER
Universal Decimal Classification number 94
Item number W-83
082 00 - DEWEY DECIMAL CLASSIFICATION NUMBER
Classification number 973.3/1
Edition number 20
100 1# - MAIN ENTRY--PERSONAL NAME
Personal name Wood, Gordon S.
245 14 - TITLE STATEMENT
Title The radicalism of the American Revolution /
Statement of responsibility, etc. Gordon S. Wood.
246 30 - VARYING FORM OF TITLE
Title proper/short title American Revolution
250 ## - EDITION STATEMENT
Edition statement 1st Vintage Books ed.
260 ## - PUBLICATION, DISTRIBUTION, ETC.
Place of publication, distribution, etc. New York :
Name of publisher, distributor, etc. Vintage Books,
Date of publication, distribution, etc. 1993.
300 ## - PHYSICAL DESCRIPTION
Extent x, 447 p. ;
Dimensions 21 cm.
500 ## - GENERAL NOTE
General note Originally published: New York : A.A. Knopf, 1992.
504 ## - BIBLIOGRAPHY, ETC. NOTE
Bibliography, etc. note Includes bibliographical references (p. [371]-430) and index.
650 #0 - SUBJECT ADDED ENTRY--TOPICAL TERM
Topical term or geographic name entry element Radicalism
Geographic subdivision United States
General subdivision History
Chronological subdivision 18th century.
650 #0 - SUBJECT ADDED ENTRY--TOPICAL TERM
Topical term or geographic name entry element Political culture
Geographic subdivision United States
General subdivision History
Chronological subdivision 18th century.
651 #0 - SUBJECT ADDED ENTRY--GEOGRAPHIC NAME
Geographic name United States
General subdivision History
Chronological subdivision Revolution, 1775-1783
General subdivision Social aspects.
651 #0 - SUBJECT ADDED ENTRY--GEOGRAPHIC NAME
Geographic name United States
General subdivision Politics and government
Chronological subdivision 1775-1783.
653 ## - INDEX TERM--UNCONTROLLED
Uncontrolled term ისტორია
-- პოლიტიკა და მთავრობა
-- რევოლუცია
856 42 - ELECTRONIC LOCATION AND ACCESS
Materials specified Publisher description
Uniform Resource Identifier <a href="http://www.loc.gov/catdir/description/random048/92056347.html">http://www.loc.gov/catdir/description/random048/92056347.html</a>
856 41 - ELECTRONIC LOCATION AND ACCESS
Materials specified Table of contents only
Uniform Resource Identifier <a href="http://www.loc.gov/catdir/enhancements/fy0601/92056347-t.html">http://www.loc.gov/catdir/enhancements/fy0601/92056347-t.html</a>
906 ## - LOCAL DATA ELEMENT F, LDF (RLIN)
a 7
b cbc
c orignew
d 1
e ocip
f 19
g y-gencatlg
942 ## - ADDED ENTRY ELEMENTS (KOHA)
Source of classification or shelving scheme
Koha item type Books
Holdings
Withdrawn status Lost status Source of classification or shelving scheme Damaged status Not for loan Permanent location Current location Date acquired Inventory number Full call number Barcode Date last seen Price effective from Koha item type
          Ken Walker International University Ken Walker International University 11/11/2020 143 94 W-83 143 11/11/2020 11/11/2020 Books

Powered by Koha